| 000 | 00537nam a2200181Ia 4500 | ||
|---|---|---|---|
| 999 |
_c33580 _d33580 |
||
| 003 | OSt | ||
| 005 | 20200909131438.0 | ||
| 008 | 190216s9999||||xx |||||||||||||| ||und|| | ||
| 020 | _a9780521658195 | ||
| 040 | _coclc | ||
| 082 |
_a515 _bRIL/M |
||
| 100 |
_aRiley, K F _94529 |
||
| 245 | 0 |
_aMathematical Methods For Physics And Engineering / _cK F Riley ; M P Hobson ; S J Bence |
|
| 260 |
_bCambridge Uty Press, _c1997. _aUK: |
||
| 300 | _a1008p | ||
| 650 | _aPhysics | ||
| 942 |
_cBK _2ddc _h515 _iRIL/M _k515 _mRIL/M |
||